| 000 | 00490nam a2200193Ia 4500 | ||
|---|---|---|---|
| 008 | 151119s9999||||xx |||||||||||||| ||und|| | ||
| 082 | _a823 | ||
| 082 | _bGKKV12253 | ||
| 100 | _aSWAMI CHIMAGANANDA | ||
| 245 | _aCHINMAYA BALA VIHAR GUIDE BOOK II | ||
| 260 | _a-- | ||
| 260 | _b-- | ||
| 260 | _c0 | ||
| 600 | _aSWAMI CHIMAGANANDA | ||
| 630 | _aCHINMAYA BALA VIHAR GUIDE BOOK II | ||
| 700 | _aSWAMI CHIMAGANANDA | ||
| 730 | _aCHINMAYA BALA VIHAR GUIDE BOOK II | ||
| 942 | _cBOOK | ||
| 999 |
_c1066128 _d1066125 |
||